000 00967nam a2200265 a 4500
001 37784
003 (BD-RjUL)
005 20211209052644.0
008 030617s2003 enk 000 0 eng d
020 _a0521001854 (Book)
020 _a0521006597 (Audio CDs)
020 _a0521006600 (Audio cassettes)
020 _a0521006562 (Book and audio cassette pack)
020 _a0521006570 (Book and audio CD pack)
035 _a(BD-RjUL)37889
040 _aBDS
_c(BD-RjUL)
_d(BD-RjUL)
_beng
082 0 _a428.34
_222
_bHAE 2003
100 1 _aHancock, Mark.
_9117014
245 1 0 _aEnglish pronunciation in use.
_cMark Hancock.
_bIntermediate/
260 _aCambridge :
_bCambridge University Press,
_c2003.
300 _a200 p. :
_bill. ;
_c25 cm. +
_e4 sound discs (digital ; 4 3/4 in.) + 4 sound cassettes (128 mins)
650 0 _aEnglish language
_vTextbooks for foreign speakers.
_9117011
650 0 _aEnglish language
_xPronunciation.
_9117012
942 _2ddc
_cAVM
999 _c37784
_d37784